| 000 | 00458nam a22001817a 4500 | ||
|---|---|---|---|
| 003 | LK-CoMWRAF | ||
| 005 | 20230921124122.0 | ||
| 008 | 230921b1997 |||||||| |||| 00| 0 eng d | ||
| 020 | _a1570621802 | ||
| 040 |
_aLK-CoMWRAF _dLK-CoMWRAF _eLK-CoMWRAF |
||
| 041 | _aeng | ||
| 082 |
_a297.4 _bERN |
||
| 100 | _aErnst, Carl W. | ||
| 245 | _aThe Shambhala Guide to Sufism | ||
| 260 |
_aBoston : _bShambhala publications, _c1997 |
||
| 650 | _aSufusm | ||
| 942 | _cBK | ||
| 999 |
_c3587 _d3587 |
||